000 00775nam a22002177a 4500
999 _c22587
_d22587
003 AR-CdUCM
008 190427b ||||| |||| 00| 0 spa d
020 _a9788494429118
040 _aMUNICIPALIDAD PROVINCIAL DEL CUSCO
_cBIBLIOTECA MUNICIPAL DEL CUSCO
082 _aPI/869.57/CH38
_bCH38
_2segunda
100 _aChirif, Micaela
_934441
245 _a¿Dónde está Tomás? /
_cMicaela Chirif, Leire Salaberria
260 _aBarcelona :
_bEdiciones Ekaré,
_c2017.
300 _apáginas sin numerar. :
_bIlustraciones en color ;
_c25 cm.
650 _aLiteratura infantil
_9588
650 _aCuentos infantiles peruanos
_93914
650 _aLibros ilustrados para niños
_922257
700 _aSalaberria, Leire
_eilustrador
_948583
942 _2ddc
_cLIBROS
945 _arac